Pangat a feast food and love from marathi kitchens/ (Record no. 172342)

MARC details
000 -LEADER
fixed length control field 00604nam a22001817a 4500
005 - DATE AND TIME OF LATEST TRANSACTION
control field 20200824143516.0
010 ## - LCCN (DPL NO)
LC control number ENG-127618
020 ## - INTERNATIONAL STANDARD BOOK NUMBER
International Standard Book Number 9789388322911
Terms of availability 599.00
035 ## - SYSTEM CONTROL NUMBER
System control number EN-111150
037 ## - SOURCE OF ACQUISITION
Source of stock number/acquisition DBAD/PUB
082 ## - DEWEY DECIMAL CLASSIFICATION NUMBER
Classification number 641.5095441
100 ## - MAIN ENTRY--PERSONAL NAME
Personal name Khandekar,Saee Koranne
245 ## - TITLE STATEMENT
Title Pangat a feast food and love from marathi kitchens/
Remainder of title by Saee Koranne Khandekar
260 ## - PUBLICATION, DISTRIBUTION, ETC. (IMPRINT)
Place of publication, distribution, etc Gurugram
Name of publisher, distributor, etc Hachette India
Date of publication, distribution, etc 2019
270 ## - ADDRESS
City Gurugram
Address 4th & 5th floor , corporate centre, plot no-94,sector-44
Postal code 122003
300 ## - PHYSICAL DESCRIPTION
Extent xxiv;344p.
Other physical details 23cm(hb)
942 ## - ADDED ENTRY ELEMENTS (KOHA)
Source of classification or shelving scheme Dewey Decimal Classification
Item type English Books
Classification part 641.5095441
Call number suffix KHA
Holdings
Withdrawn status Lost status Not for loan Collection code Home library Current library Date acquired Source of acquisition Cost, normal purchase price Full call number Barcode Copy number Cost, replacement price Koha item type
      Non-fiction Sarojini Nagar Sarojini Nagar 03/02/2020 DBAD/PUB 599.00 641.5095441 KHA EN-111150 1 599.00 English Books

© Delhi Public Library
Hit Counter
free hit counter